00414nam a22001697a 450000500170000000800410001702000260005804000090008404100120009308200150010510000190012024500290013925000080016826000250017630000080020165000350020920260511120441.0260511b |||||||| |||| 00| 0 eng d a9789386310682c395.00 aMAIN aEnglish a576.5bKAT aKatira, Versha aBasics of Human Genetics a2nd aNew DelhibCBSc2025 a209 aEnvironment Science (PM USHA)